Devine le joueur de tennis par son palmarès - Statistiques

Statistiques générales
  • Ce quiz a été pris 36 fois
  • Le résultat moyen est 6 sur 20
Statistiques - réponses
Hint Plus haut classement ATP Réponse % Correct
Delray Beach 2018 - Houston 2023 - Stuttgart 2023 10ème au 19/06/2023 Frances TIAFOE
70%
Pas de titre - 1 finale de Masters 1000 à Monte-Carlo 2022 21ème au 21/08/2023 Alejandro DAVIDOVICH FOKINA
63%
Marrakech 2017 - Halle 2018 - Cincinnati 2022 12ème au 05/11/2018 Borna CORIC
63%
Montpellier 2022/2024 - Halle 2023 - Anvers 2023 17ème au 06/05/2024 Alexander BUBLIK
56%
Tokyo 2023 - Houston 2024 13ème au 19/08/2024 Ben SHELTON
52%
Roland-Garros 1982/1985/1988 - Bastad 1982/1983/1985 - Genève 1982 - Barcelone 1982 - Monte-Carlo 1983/1987 - Lisbonne 1983 - Aix-en-Provence 1983 - Bruxelles 1986 - Rome 1987 - Boston 1987 - Indianapolis 1987 - Open d'Australie 1988 - Key Biscayne 1988 - Cincinnati 1988 - US Open 1988 - Palerme 1988 - Itaparica 1990 1er au 12/09/1988 Mats WILANDER
52%
Marseille 2016 - Atlanta 2016 - Tokyo 2016 - Brisbane 2017 - Acapulco 2019 - Washington 2017/2022 13ème au 24/10/2016 Nick KYRGIOS
52%
Parme 2021 - Washington 2024 15ème au 12/08/2024 Sebastian KORDA
44%
Barcelone 2002 - Majorque 2002 - Roland-Garros 2004 - Vina del Mar 2005 - Buenos Aires 2005 - Estoril 2005 - Gstaad 2005 - Kitzbühel 2005 5ème au 25/04/2005 Gaston GAUDIO
41%
Adelaide 1994/1996 - Copenhague 1994 - Long Island 1994/1995 - Milan 1995 - Saint-Petersbourg 1995 - Gstaad 1995 - Prague 1996 - Roland-Garros 1996 - Lyon 1996 - Halle 1997/1998/2002 - New Haven 1997 - Moscou 1997/1998/1999/2000/2001 - Londres 1998 - Open d'Australie 1999 - Rotterdam 1999 - Jeux Olympiques 2000 - Marseille 2001 - Tachkent 2002 1er au 03/05/1999 Ievgueni KAFELNIKOV
33%
Copenhague 1996 - Prague 1997 - Nottingham 1999 - Rotterdam 2000 - Monte-Carlo 2000 5ème au 08/05/2000 Cédric PIOLINE
22%
Newport 2022 31ème au 08/08/2022 Maxime CRESSY
22%
Stuttgart 2009 25ème au 28/01/2013 Jérémy CHARDY
15%
Memphis 1999/2006/2007 - Adelaide 2001 - Long Island 2001 - Vienne 2001/2013 - Stuttgart 2001 - Houston 2004 - Los Angeles 2004/2006 - Delray Beach 2006 - Halle 2009/2012 - Munich 2013 2ème au 13/05/2002 Tommy HAAS
15%
Buenos Aires 2007 - Pörtschach 2007 - Kitzbühel 2007 - Vina del Mar 2012 - Houston 2012/2016 - Hambourg 2012 - Kuala Lumpur 2012 - Dusseldorf 2013 10ème au 23/07/2012 Juan MONACO
11%
Bolzano 1992 - Schenectady 1993 - Auckland 1995 - Philadelphie 1995 - Pinehurst 1995 - Indianapolis 1995 - Stockholm 1995/1996/1999 - New Dehli 1996 - Bercy 1996 - Marseille 1997/1998/2002 - Munich 1998 - Adelaïde 1999 - Stuttgart 1999 - Cincinnati 2000 - Bâle 2000 4ème au 15/11/1999 Thomas ENQVIST
7%
Sao Paulo 2014 - Marrakech 2016 33ème au 09/05/2016 Federico DELBONIS
4%
Auckland 2006 - Sydney 2012 13ème au 10/07/2006 Jarkko NIEMINEN
4%
Toulouse 1996 - Scottsdale 1997 - Munich 1997 - Londres 1997 - Memphis 1998/2001 - San José 1999/2000 - Indian Wells 1999 - Shangai 2003 - Newport 2006 8ème au 19/04/1999 Mark PHILIPPOUSSIS
4%
Kitzbühel 2011/2012 33ème au 30/07/2012 Robin HAASE
4%
Aucun quiz correspondant
Distribution des résultats
% des personnes avec chaque résultat
Percentile par nombre de réponses
Votre historique - résultats
Vous n’avez pas pris ce quiz